[Event "VIE-ch U20"]
[Site "Hanoi"]
[Date "2022.06.17"]
[Round "9"]
[White "Le, Nhat Khanh Huy"]
[Black "Phan, Nguyen Dang Kha"]
[Result "0-1"]
[WhiteElo "2270"]
[BlackElo "2266"]
[PlyCount "26"]
[EventDate "2022.06.11"]
[EventType "swiss"]
[EventRounds "9"]
[EventCountry "VIE"]
[SourceTitle "EXT 2023"]
[Source "ChessBase"]
[SourceDate "2022.10.05"]
[SourceVersion "1"]
[SourceVersionDate "2022.10.05"]
[SourceQuality "1"]

1. e4 e6 2. e5 d5 3. d4 c5 4. g4 Nc6 5. Nf3 cxd4 6. Bb5 Qa5+ 7. Kf1 Qxb5+ 8. Kg2 Bc5 9. Ng5 Nxe5 10. Re1 Ng6 11. a4 Qc6 12. Qf3 Nf6 13. Bf4 Nh4+ 0-1

[Event "VIE-ch U20"]
[Site "Hanoi"]
[Date "2022.06.14"]
[Round "5"]
[White "Phan, Nguyen Dang Kha"]
[Black "Le, Huy Hai"]
[Result "1-0"]
[WhiteElo "2266"]
[BlackElo "2275"]
[PlyCount "53"]
[EventDate "2022.06.11"]
[EventType "swiss"]
[EventRounds "9"]
[EventCountry "VIE"]
[SourceTitle "EXT 2023"]
[Source "ChessBase"]
[SourceDate "2022.10.05"]
[SourceVersion "1"]
[SourceVersionDate "2022.10.05"]
[SourceQuality "1"]

1. e4 c5 2. Nf3 e6 3. d3 Nc6 4. Nbd2 g6 5. g3 Bg7 6. Bg2 Nge7 7. 0-0 0-0 8. c3 d5 9. Re1 b6 10. e5 Ba6 11. Nf1 Qc7 12. Bf4 h6 13. h4 Rad8 14. N1h2 b5 15. Ng4 d4 16. Bxh6 dxc3 17. bxc3 Nd5 18. Qc1 f5 19. exf6 Nxf6 20. Bxg7 Qxg7 21. Nh6+ Kh8 22. Ng5 Rd6 23. Nxe6 Rxe6 24. Rxe6 Nb8 25. Qe3 Ng8 26. Nxg8 Rxg8 27. Re7 1-0

[Event "VIE-ch U17"]
[Site "Hai Phong"]
[Date "2018.07.09"]
[Round "5"]
[White "Phan, Nguyen Dang Kha"]
[Black "Nguyen, Anh Dung1"]
[Result "1-0"]
[WhiteElo "1781"]
[BlackElo "1760"]
[PlyCount "85"]
[EventDate "2018.07.07"]
[EventType "swiss"]
[EventRounds "9"]
[EventCountry "VIE"]
[SourceTitle "EXT 2019"]
[Source "ChessBase"]
[SourceDate "2018.10.10"]
[SourceVersion "1"]
[SourceVersionDate "2018.10.10"]
[SourceQuality "1"]

1. e4 c5 2. Nf3 Nc6 3. Bb5 a6 4. Bxc6 bxc6 5. 0-0 d5 6. d3 e6 7. Nc3 Nf6 8. b3 Be7 9. Re1 0-0 10. Ba3 Qa5 11. Na4 Re8 12. Qd2 Qxd2 13. Nxd2 Nd7 14. exd5 cxd5 15. c4 Bb7 16. cxd5 Bxd5 17. Rac1 Bg5 18. Re2 Rad8 19. Nxc5 Nxc5 20. Bxc5 Bc6 21. Ne4 Bf4 22. g3 Bb8 23. Bb6 Rc8 24. Rec2 Bb7 25. Nc5 Bd5 26. Nxa6 Rxc2 27. Rxc2 Bd6 28. Bc5 Bb7 29. Bxd6 Bxa6 30. d4 Rc8 31. Rxc8+ Bxc8 32. a4 Bd7 33. Kf1 f5 34. Ke2 Kf7 35. Kd3 Ke8 36. Kc4 Bc6 37. Kc5 Kd7 38. a5 Bd5 39. b4 Kc8 40. Kb6 g5 41. b5 Bc4 42. a6 g4 43. Ka5 1-0